000 01181nam a22002417a 4500
008 110428t xxu||||| |||| 00| 0 eng d
020 _a9292270117
110 _aInternational Criminal Court.
_92099
245 _aRome Statute of the International Criminal Court /
_cInternational Criminal Court :
260 _anetherlands:
_bInternational Criminal Court.
_c2005.
300 _a82p.;
_c25 cm.
942 _2ddc
_cBK
999 _c769
_d769